00587nam a2200205Ia 4500003000400000005001700004008004100021020001800062040001800080041000800098082002100106100001900127245006900146250001200215260004600227300003000273650003100303650002400334650002300358OSt20251231125644.0210716s2011 xx 000 0 und d a9788126531363 cAIMIT LIBRARY aeng a006.37 21bSTER aStephens, Rod. aVisual basic programming : b24 hour trainer /cBy Rod Stephens. a1st ed. aNew Delhi :bWiley India Pvt Ltd ,c2011. axlii,458p. ;bPBc23.9 cm aVariables and calculations aSystem interactions aSpecialized topics